00309nam a2200121Ia 4500008004100000100003400041245003700075260003100112300000900143650001300152942000700165999001500172190216s9999||||xx |||||||||||||| ||und|| aSrinivasan S K And Mehata K M 0aProbability And Random Processes bMannora Publicationsc1978 a327p aCommerce cBK c4250d4250